AH International Schools' Libraries

Ingo / (Record no. 48178)

MARC details
000 -LEADER
fixed length control field 00624nam a2200157 4500
020 ## - INTERNATIONAL STANDARD BOOK NUMBER
International Standard Book Number 9780007464104
100 ## - MAIN ENTRY--PERSONAL NAME
Personal name Dunmore, Helen.
9 (RLIN) 85926
245 ## - TITLE STATEMENT
Title Ingo /
Statement of responsibility, etc Helen Dunmore.
260 ## - PUBLICATION, DISTRIBUTION, ETC. (IMPRINT)
Place of publication, distribution, etc London:
Name of publisher, distributor, etc Harper Collins Children's Books;
Date of publication, distribution, etc 2006.
300 ## - PHYSICAL DESCRIPTION
Extent 319 p.
Dimensions 21 cm.
490 ## - SERIES STATEMENT
Series statement The ingo chronicles;
520 ## - SUMMARY, ETC.
Summary, etc A spellbinding magical adventure. Master storyteller Helen Dunmore writes the story of Sapphire and her brother Conor, and their discovery of INGO, a powerful and exciting world under the sea.
650 ## - SUBJECT ADDED ENTRY--TOPICAL TERM
Topical term or geographic name as entry element Mermaids. Mythologie.
Form subdivision Fiction.
9 (RLIN) 85927
655 ## - INDEX TERM--GENRE/FORM
Genre/form data or focus term Fantasy.
9 (RLIN) 56253
942 ## - ADDED ENTRY ELEMENTS (KOHA)
Source of classification or shelving scheme
Koha item type Book
Holdings
Withdrawn status Lost status Source of classification or shelving scheme Damaged status Not for loan Collection code Home library Current library Shelving location Date acquired Total Checkouts Full call number Barcode Date last seen Price effective from Koha item type
          SECONDARY Asian Hope Secondary Library Asian Hope Secondary Library Junior Fiction 01/13/2025   J FIC DUN 207397 01/16/2026 01/13/2025 Book

For any Logos Library related questions please contact Miss Art at swongnarasuk@asianhope.org.

For any Asian Hope Library related questions please contact Miss Raza at graza@asianhope.org.

Click here to explore our ebooks!

Powered by Koha